000 00653nam a22001817a 4500
005 20230425115508.0
008 230310b ag ||||| |||| 00| 0 spa d
020 _a9879648692
050 0 4 _aKHA3234
_bE43 2004
245 0 0 _aElaboración participada de normas
_b : un espacio abierto para el debate de las decisiones públicas
250 _a1a ed.
260 _aBuenos Aires :
_bOficina Anticorrupción,
_c2004
300 _a96 p. :
_bil. ;
_c22 cm.
490 0 _aEstrategias para la transparencia
504 _aIncluye bibliografía
650 7 _2lemb
_aDerecho admnistrativo
_xInstituciones públicas
_xProyecto de ley
_zArgentina
942 _2lcc
_cLIB
999 _c55658
_d55658